| 000 | 00389nam a2200145Ia 4500 | ||
|---|---|---|---|
| 005 | 20250408055231.0 | ||
| 008 | 240331s9999 xx 000 0 und d | ||
| 082 |
_bMAN _a070 |
||
| 100 | _aMani, P.S | ||
| 245 | 0 | _aPattirikaiyalar baratiyar | |
| 260 |
_aChennai _bPungkody Pathippagam _c1989 |
||
| 300 | _a252 p ., | ||
| 500 | _aBharathiyerin pathirikai panikal patriya katoorai | ||
| 942 | _cL | ||
| 999 |
_c1311 _d1311 |
||